[Event "Druzynowe Mistrzostwa Polski - II Liga 2023"]
[Site "Jastrzebia Gora"]
[Date "1899-12-30"]
[Round "7.40"]
[White "Kalmuk, Krzysztof"]
[Black "Gorkiewicz, Mateusz"]
[Result "0-1"]
[WhiteTitle "I++"]
[BlackTitle "k"]
[WhiteElo "1992"]
[BlackElo "2133"]

1. Nf3 Nf6 2. d4 e6 3. Bf4 d5 4. e3 c5 5. c3 Nc6 6. Bd3 Bd6 7. Bg3 O-O 8. Nbd2
b6 9. Ne5 Bb7 10. O-O Ne7 11. Qf3 Ng6 12. Rfe1 Qc7 13. Nxg6 hxg6 14. dxc5 bxc5
15. Bxd6 Qxd6 16. e4 dxe4 17. Nxe4 Bxe4 18. Bxe4 Rab8 19. b3 Rfd8 20. Rad1 Qc7
21. Bc2 Qa5 22. Bb1 Rd5 23. Rxd5 Nxd5 24. Rc1 Qa3 25. Rc2 c4 26. g3 cxb3 27. axb3
Qa1 28. Rc1 Rxb3 29. Qd1 Rxc3 30. Rxc3 Qxc3 31. Be4 Qc5 32. Qa4 Nf6 33. Bf3 a5
34. h4 g5 35. hxg5 Qxg5 36. Qc6 g6 37. Kg2 Qe5 38. Qc8+ Kg7 39. Qc4 Qb2 40. Bc6
Qb4 41. Qc2 Qd4 42. Kg1 Nd5 43. Qb3 Nc3 44. Qb2 Qb4 45. Qd2 Qc5 46. Be8 Ne4 47.
Qb2+ Qc3 48. Qe2 Qd4 49. Qf3 Nf6 50. Bc6 Ng4 51. Be8 Ne5 52. Qe2 Qc3 53. Kg2 Nd3
54. Bb5 Nc5 55. Qd1 e5 56. Be8 Qd4 57. Qc1 a4 58. Qa3 Qc4 59. Kg1 Qc2 60. Qe3
Qd1+ 61. Kg2 Qd5+ 62. Kg1 Kf8 63. Bb5 Qd4 64. Qa3 Kg8 65. Be8 Kg7 66. Qa2 Qd1+
67. Kg2 Qb3 68. Qa1 f6 69. Qc1 Qd5+ 70. Kg1 Qd4 71. Qa3 Qc4 72. Kg2 Qd4 73. Kg1
Kh6 74. Bc6 Nd3 75. Qa2 a3 76. Qxa3 Qxf2+ 77. Kh1 Qxg3 0-1

[Event "Druzynowe Mistrzostwa Polski - II Liga 2023"]
[Site "Jastrzebia Gora"]
[Date "1899-12-30"]
[Round "7.41"]
[White "Tamon, Radoslaw"]
[Black "Zabron, Maksym"]
[Result "0-1"]
[WhiteTitle "I"]
[BlackTitle "I++"]
[WhiteElo "1845"]
[BlackElo "1993"]

1. e4 c5 2. c3 d5 3. exd5 Qxd5 4. d4 Nf6 5. Nf3 Nc6 6. Be3 cxd4 7. cxd4 e6 8. Nc3
Qd6 9. Be2 Be7 10. O-O O-O 11. Rc1 a6 12. Qc2 Nb4 13. Qb1 Nbd5 14. Ne5 Bd7 15.
Bf3 Rac8 16. Rfd1 b5 17. Ne2 Rfd8 18. Nf4 Be8 19. Nfd3 Nxe3 20. fxe3 Nd5 21. Nc5
Rxc5 22. Rxc5 Nxe3 23. Rdc1 Qxd4 24. Qd3 Bxc5 25. Rxc5 Qxc5 26. Qxd8 Ng4+ 0-1

[Event "Druzynowe Mistrzostwa Polski - II Liga 2023"]
[Site "Jastrzebia Gora"]
[Date "1899-12-30"]
[Round "7.42"]
[White "Pisarek, Elzbieta"]
[Black "Sliwicka, Weronika"]
[Result "1-0"]
[WhiteTitle "I++"]
[BlackTitle "I"]
[WhiteElo "1779"]
[BlackElo "1526"]

1. e4 c5 2. Nf3 e6 3. d4 cxd4 4. Nxd4 a6 5. Bd3 Qc7 6. O-O Nf6 7. c4 d6 8. Nc3
g6 9. Kh1 Bg7 10. f4 Nbd7 11. Nb3 O-O 12. Be3 Nc5 13. Nxc5 dxc5 14. e5 Nd7 15.
Ne4 Rd8 16. Qc2 b6 17. Rad1 Bb7 18. Nd6 Bc6 19. Be4 f5 20. Bxc6 Qxc6 21. Qc3 Kf8
22. Rd2 Ra7 23. Rfd1 Kg8 24. h4 Kf8 25. Bf2 Bh6 26. Be3 Bg7 27. Kg1 Ke7 28. Bf2
Bh6 29. Qe3 Kf8 30. h5 Kg7 31. hxg6 hxg6 32. b3 Rg8 33. Bh4 Kf8 34. Rd3 Bg7 35.
Qg3 Bh6 36. Qe3 Bg7 37. Qg3 Bh6 38. Bg5 Bg7 39. Bh4 Bh6 40. Bg5 Bg7 41. Bd8 g5
42. Bxg5 Bf6 43. exf6 Nxf6 44. Qh4 Rh7 45. Bh6+ Ke7 46. R1d2 Rg6 47. Nxf5+ exf5
48. Qe1+ Ne4 49. Bg5+ Ke6 50. Rd5 Rb7 51. Re5+ Kf7 52. Rxf5+ Kg7 53. Re2 Re6 54.
Rd5 Nxg5 55. Rxg5+ Kf6 56. Rg6+ 1-0

[Event "Druzynowe Mistrzostwa Polski - II Liga 2023"]
[Site "Jastrzebia Gora"]
[Date "1899-12-30"]
[Round "7.44"]
[White "Goszczynski, Andrzej"]
[Black "Steczek, Marcin"]
[Result "0-1"]
[WhiteTitle "I+"]
[BlackTitle "FM"]
[WhiteElo "2076"]
[BlackElo "2350"]

1. e4 e6 2. d4 d5 3. e5 Qd7 4. Bd3 b6 5. f4 Ba6 6. Bxa6 Nxa6 7. c3 c5 8. Nf3 Rc8
9. O-O Nh6 10. Bd2 Nb8 11. h3 Nf5 12. Kf2 cxd4 13. cxd4 Nc6 14. Bc3 h5 15. g4
Nh6 16. Kg3 hxg4 17. hxg4 f5 18. exf6 gxf6 19. Nh2 Rg8 20. Kf3 Qh7 21. Qe2 Kd7
22. Rg1 Nf5 23. Qf2 Nfxd4+ 24. Bxd4 Qe4+ 25. Kg3 Nxd4 26. Nf3 Ne2+ 0-1

[Event "Druzynowe Mistrzostwa Polski - II Liga 2023"]
[Site "Jastrzebia Gora"]
[Date "1899-12-30"]
[Round "7.45"]
[White "Bednarek, Sylwester"]
[Black "Gradowski, Jacek"]
[Result "1-0"]
[WhiteTitle "FM"]
[BlackTitle "k"]
[WhiteElo "2268"]
[BlackElo "2072"]

1. d4 Nf6 2. Bg5 e6 3. Nc3 d5 4. e4 Be7 5. e5 Nfd7 6. h4 a6 7. Qg4 g6 8. Bxe7 Qxe7
9. h5 c5 10. hxg6 fxg6 11. dxc5 Nxe5 12. Qg3 Nbc6 13. Nf3 Nxf3+ 14. gxf3 Qf6 15.
O-O-O O-O 16. Na4 Qxf3 17. Qxf3 Rxf3 18. Nb6 Rb8 19. Bh3 Rf6 20. f4 Ne7 21. c4
Rxf4 22. Rhe1 d4 23. Nxc8 Nxc8 24. Bxe6+ Kg7 25. Rf1 Rf6 26. Rfe1 Rf4 27. Bd5
h5 28. b4 Kf8 29. Rf1 Rf5 30. Be6 Rxf1 31. Rxf1+ Ke7 32. Bd5 Kd8 33. Rf8+ Kc7
34. Rf7+ Kd8 35. b5 axb5 36. cxb5 Ne7 37. Rf8+ Kd7 38. Rxb8 Nxd5 39. Rxb7+ Kc8
40. Rg7 Nc3 41. b6 Nxa2+ 42. Kd2 Nb4 43. c6 1-0

[Event "Druzynowe Mistrzostwa Polski - II Liga 2023"]
[Site "Jastrzebia Gora"]
[Date "1899-12-30"]
[Round "7.46"]
[White "Flis, Pawel"]
[Black "Swiatnicki, Andrzej"]
[Result "0-1"]
[WhiteTitle "CM"]
[BlackTitle "k"]
[WhiteElo "1948"]
[BlackElo "2016"]

1. e4 e5 2. Nf3 Nc6 3. Bc4 Nf6 4. d4 exd4 5. e5 Ne4 6. Qe2 Nc5 7. O-O Be7 8. Rd1
Ne6 9. c3 d5 10. exd6 Qxd6 11. cxd4 Ncxd4 12. Nxd4 Nxd4 13. Qe4 c5 14. Bf4 Qg6
15. Qe3 Bg4 16. Re1 Be6 17. Bd3 Qh5 18. Be5 Bf6 19. Bxf6 gxf6 20. Nd2 Rg8 21.
Kh1 Qg4 22. Be4 f5 23. Bf3 Nxf3 24. Qxf3 Rd8 25. Qxg4 Rxg4 26. Nf3 Re4 27. h3
h6 28. Kg1 Ke7 29. b3 Kf6 30. Rac1 b6 31. Kf1 a5 32. Red1 Rxd1+ 33. Rxd1 c4 34.
Rd6 cxb3 35. axb3 Rb4 36. Nd2 Ke7 37. Rd3 b5 38. Ke2 a4 39. bxa4 Rxa4 40. Kd1
Ra1+ 41. Kc2 f4 42. Rd4 Rg1 43. Rxf4 Rxg2 44. h4 Rg4 45. Rxg4 Bxg4 46. Kc3 Ke6
47. Kd4 Bd1 48. Ke4 b4 49. Nc4 b3 50. Nb2 Bc2+ 51. Kf4 Bg6 52. Ke3 Kd5 53. f3
Bc2 54. Na4 Kc4 55. Kd2 0-1

[Event "Druzynowe Mistrzostwa Polski - II Liga 2023"]
[Site "Jastrzebia Gora"]
[Date "1899-12-30"]
[Round "7.47"]
[White "Walaszczyk, Witold"]
[Black "Redlich, Bogdan"]
[Result "0-1"]
[WhiteTitle "k"]
[BlackTitle "k"]
[WhiteElo "1945"]
[BlackElo "1788"]

1. g3 Nf6 2. Bg2 g6 3. d4 Bg7 4. c4 d6 5. Nc3 O-O 6. Nf3 Nc6 7. d5 Na5 8. b3 c5
9. Bb2 a6 10. O-O Rb8 11. Re1 b5 12. cxb5 axb5 13. Rc1 e5 14. e4 Ne8 15. Nd2 Bh6
16. Rc2 Ng7 17. Nf1 f5 18. f3 b4 19. Na4 fxe4 20. fxe4 Bd7 21. Nxc5 dxc5 22. Bxe5
Rc8 23. Ne3 Qe7 24. Ba1 Bxe3+ 25. Rxe3 c4 26. Qd4 c3 27. d6 Qg5 28. a3 Nxb3 0-1

[Event "Druzynowe Mistrzostwa Polski - II Liga 2023"]
[Site "Jastrzebia Gora"]
[Date "1899-12-30"]
[Round "7.48"]
[White "Posuniak, Weronika"]
[Black "Bukowska, Katarzyna"]
[Result "0-1"]
[WhiteTitle "k+"]
[BlackTitle "k++"]
[WhiteElo "1907"]
[BlackElo "1732"]

1. d4 d5 2. c4 e6 3. Nf3 Nf6 4. Bg5 Be7 5. e3 O-O 6. Nc3 Nbd7 7. cxd5 exd5 8. Qc2
c6 9. h3 Re8 10. Bd3 Nf8 11. Bxf6 Bxf6 12. O-O Be7 13. Rab1 Bd6 14. b4 a6 15.
a4 a5 16. b5 Bd7 17. Rb3 Rc8 18. Qe2 Ne6 19. Rc1 Nf4 20. Qf1 Nxd3 21. Qxd3 cxb5
22. axb5 b6 23. Rc2 Be6 24. Na4 Rc4 25. Nb2 Rxc2 26. Qxc2 Qd7 27. Na4 Rc8 28.
Rc3 Rxc3 29. Nxc3 Qc7 30. Ng5 g6 31. Nxe6 fxe6 32. Qb2 Qc4 33. Nb1 Qb4 34. Qc1
Qxb5 35. Qc8+ Kf7 36. Nc3 Qb4 37. g4 Be7 38. Qc7 Qc4 39. Qf4+ Ke8 40. Qb8+ Kd7
41. Qb7+ Qc7 42. Qxc7+ Kxc7 43. f3 Kc6 44. Kf2 Bb4 45. Na2 Kb5 46. Ke2 Kc4 47.
h4 Ba3 48. Kd2 b5 49. f4 b4 50. h5 b3 51. Nc3 Bb4 52. f5 exf5 53. gxf5 gxf5 54.
h6 Bxc3+ 55. Kc1 Kd3 56. Kd1 b2 57. e4 b1=Q# 0-1

[Event "Druzynowe Mistrzostwa Polski - II Liga 2023"]
[Site "Jastrzebia Gora"]
[Date "1899-12-30"]
[Round "7.49"]
[White "Kulesza, Mateusz"]
[Black "Baum, Jonasz"]
[Result "1/2-1/2"]
[WhiteTitle "k+"]
[BlackTitle "IM"]
[WhiteElo "2256"]
[BlackElo "2436"]

1. e4 c5 2. Nc3 d6 3. d3 g6 4. Be3 Nc6 5. Qd2 Bg7 6. g3 Rb8 7. Bg2 b5 8. Nge2 Nf6
9. Bh6 O-O 10. Bxg7 Kxg7 11. O-O b4 12. Nd1 Nd4 13. Nc1 Bh3 14. c3 Bxg2 15. Kxg2
Nc6 16. f4 d5 17. e5 Nd7 18. Ne2 bxc3 19. bxc3 d4 20. Rc1 Qa5 21. Nf2 Nb6 22.
Rfd1 dxc3 23. Nxc3 Rfd8 24. Nce4 c4 25. Qxa5 Nxa5 26. Kf3 Rbc8 27. dxc4 Naxc4
28. Rxd8 Rxd8 29. Rd1 Rc8 30. Nd3 f6 31. exf6+ exf6 32. Nec5 Kf7 33. Re1 Rd8 34.
Re2 Rd5 35. Rc2 h5 36. Re2 Na4 37. Nxa4 Rxd3+ 38. Ke4 Ra3 39. Nc5 h4 40. Nb3 hxg3
41. hxg3 Nd6+ 42. Kd5 Nf5 43. g4 Ne7+ 44. Kc5 Ra6 1/2-1/2

[Event "Druzynowe Mistrzostwa Polski - II Liga 2023"]
[Site "Jastrzebia Gora"]
[Date "1899-12-30"]
[Round "7.50"]
[White "Sidorczuk, Pawel"]
[Black "Tomczak, Rafal"]
[Result "0-1"]
[WhiteTitle "I+"]
[BlackTitle "FM"]
[WhiteElo "2123"]
[BlackElo "2319"]

1. e4 c5 2. Nf3 d6 3. d4 cxd4 4. Nxd4 Nf6 5. Nc3 a6 6. Bg5 e6 7. f4 h6 8. Bh4 Be7
9. Qf3 Qc7 10. O-O-O Nbd7 11. Bd3 b5 12. Nxe6 fxe6 13. e5 Bb7 14. Bg6+ Kf8 15.
Qh3 dxe5 16. Rhe1 Qc4 17. Bxf6 Nxf6 18. fxe5 b4 19. exf6 gxf6 20. Rd4 Bxg2 21.
Qg4 Bf3 22. Qf4 Qc5 23. Kb1 bxc3 24. Rxe6 Qg5 25. Qxf3 Rb8 26. Qxc3 Qxg6 27. Rxe7
Rh7 28. Rxh7 Qg1+ 0-1

[Event "Druzynowe Mistrzostwa Polski - II Liga 2023"]
[Site "Jastrzebia Gora"]
[Date "1899-12-30"]
[Round "7.51"]
[White "Chaczynski, Kamil"]
[Black "Dalkowski, Rafal"]
[Result "0-1"]
[WhiteTitle "k"]
[BlackTitle "k"]
[WhiteElo "2165"]
[BlackElo "2079"]

1. e4 c5 2. Nf3 g6 3. c3 Bg7 4. d4 cxd4 5. cxd4 d5 6. e5 Bg4 7. Bb5+ Nd7 8. Nbd2
e6 9. O-O Ne7 10. h3 Bxf3 11. Nxf3 O-O 12. Re1 Rc8 13. Bg5 h6 14. Bd2 Nc6 15.
Bd3 a6 16. Rc1 b5 17. Bb1 f5 18. exf6 Qxf6 19. Qe2 Rfe8 20. Qd3 Nf8 21. Ne5 Nxe5
22. dxe5 Qh4 23. f4 Qe7 24. b3 Qb7 25. Qd4 Rxc1 26. Rxc1 Rc8 27. Rxc8 Qxc8 28.
Bd3 Kf7 29. Qa7+ Nd7 30. Kh1 Bf8 31. b4 Be7 32. Qe3 Qg8 33. g4 Qb8 34. Bc3 Qc8
35. a3 Nb6 36. Bd4 Nc4 37. Qc1 Qg8 38. Kh2 h5 39. f5 gxf5 40. gxf5 Qg5 41. Qf1
Nxa3 42. Bc5 Nc4 43. Bxe7 Kxe7 44. Qf2 Nxe5 45. Qc5+ Kf6 46. Qf8+ Nf7 47. fxe6
Qe5+ 48. Kh1 Qxe6 0-1

[Event "Druzynowe Mistrzostwa Polski - II Liga 2023"]
[Site "Jastrzebia Gora"]
[Date "1899-12-30"]
[Round "7.52"]
[White "Haliniak, Wojciech"]
[Black "Adamski, Michal"]
[Result "1-0"]
[WhiteTitle "I"]
[BlackTitle "k++"]
[WhiteElo "1870"]
[BlackElo "2173"]

1. e4 g6 2. d4 Bg7 3. Nc3 d6 4. Bg5 a6 5. Bc4 b5 6. Bb3 Bb7 7. a3 Nd7 8. f3 c5
9. dxc5 Nxc5 10. Ba2 Nf6 11. Qd2 h6 12. Be3 Rc8 13. O-O-O Qd7 14. Nge2 a5 15.
Nd5 Nxd5 16. exd5 Qc7 17. Bd4 O-O 18. Kb1 Qb6 19. h4 b4 20. a4 f5 21. Bxg7 Kxg7
22. Nd4 f4 23. Rde1 Rc7 24. g3 Bc8 25. gxf4 Nxa4 26. h5 Nc3+ 27. Ka1 Nb5 28. Ne6+
Bxe6 29. Rxe6 Rf6 30. Qg2 Qd4 31. Rhe1 Na3 32. Bb3 Rxe6 33. dxe6 g5 34. fxg5 Kh8
35. gxh6 a4 36. Rg1 Rc8 37. Qg7+ Qxg7 38. hxg7+ Kg8 39. Bd5 Nxc2+ 40. Kb1 Ne3
41. Be4 d5 42. Bd3 Nc4 43. h6 Nd2+ 44. Ka2 b3+ 45. Ka3 1-0

[Event "Druzynowe Mistrzostwa Polski - II Liga 2023"]
[Site "Jastrzebia Gora"]
[Date "1899-12-30"]
[Round "7.54"]
[White "Matskevich, Varvara"]
[Black "Andrzejewska, Anna"]
[Result "1/2-1/2"]
[WhiteTitle "I++"]
[BlackTitle "WCM"]
[WhiteElo "1690"]
[BlackElo "1944"]

1. e4 e5 2. Nf3 Nc6 3. Bb5 a6 4. Ba4 Nf6 5. Qe2 b5 6. Bb3 Be7 7. O-O d6 8. c3 O-O
9. Rd1 Bg4 10. h3 Bh5 11. d3 Na5 12. Bc2 c5 13. Nbd2 Qc7 14. Nf1 Rfe8 15. Ng3
Bg6 16. Nh4 d5 17. Nhf5 Bf8 18. Bg5 Re6 19. Bxf6 Rxf6 20. Ne3 Rd6 21. Nxd5 Qd8
22. Ne3 Nc6 23. Bb3 Kh8 24. Nd5 Na5 25. Bc2 Rc8 26. Qg4 f6 27. Nf5 Rd7 28. Nfe3
Rb8 29. f4 Nc6 30. f5 Bf7 31. a3 a5 32. Qe2 a4 33. g4 Qa5 34. Qf2 Ne7 35. Nxe7
Bxe7 36. h4 Rbd8 37. Qe2 Qb6 38. Kg2 Qb7 39. Kg3 1/2-1/2

[Event "Druzynowe Mistrzostwa Polski - II Liga 2023"]
[Site "Jastrzebia Gora"]
[Date "1899-12-30"]
[Round "7.55"]
[White "Dlugosz, Jedrzej"]
[Black "Karut, Kacper"]
[Result "1/2-1/2"]
[WhiteTitle "m"]
[BlackTitle "I"]
[WhiteElo "2326"]
[BlackElo "2065"]

1. e4 c5 2. Nf3 Nc6 3. d4 cxd4 4. Nxd4 Nf6 5. Nc3 d6 6. Be3 e5 7. Nb3 Be7 8. f3
O-O 9. Qd2 a5 10. Bb5 Be6 11. Rd1 Qb8 12. O-O 1/2-1/2

[Event "Druzynowe Mistrzostwa Polski - II Liga 2023"]
[Site "Jastrzebia Gora"]
[Date "1899-12-30"]
[Round "7.58"]
[White "Sciborowski, Miroslaw"]
[Black "Okrucinski, Tadeusz"]
[Result "1/2-1/2"]
[WhiteTitle "k"]
[BlackTitle "FM"]
[WhiteElo "1929"]
[BlackElo "2168"]

1. d4 Nf6 2. Nf3 d5 3. g3 e6 4. Bg2 Be7 5. O-O O-O 6. c4 c6 7. Nbd2 b5 8. cxb5
cxb5 9. Ne5 Bb7 10. b3 Nbd7 11. Bb2 Rc8 1/2-1/2

[Event "Druzynowe Mistrzostwa Polski - II Liga 2023"]
[Site "Jastrzebia Gora"]
[Date "1899-12-30"]
[Round "7.59"]
[White "Libura, Wieslaw"]
[Black "Nogal, Jan"]
[Result "1/2-1/2"]
[WhiteTitle "k"]
[BlackTitle "II"]
[WhiteElo "2170"]
[BlackElo "1601"]

1. e4 e5 2. Nf3 Nc6 3. Bc4 Nf6 4. Nc3 Bc5 5. d3 h6 6. O-O d6 7. Be3 Bb6 8. Nd5
Na5 9. Nxb6 axb6 10. Bb3 Nxb3 11. axb3 Bg4 12. Rxa8 Qxa8 13. h3 Bh5 14. Qa1 O-O
15. Nh4 Nh7 16. Qd1 1/2-1/2

[Event "Druzynowe Mistrzostwa Polski - II Liga 2023"]
[Site "Jastrzebia Gora"]
[Date "1899-12-30"]
[Round "7.61"]
[White "Rudolf, Michal"]
[Black "Banasik, Krzysztof"]
[Result "1/2-1/2"]
[WhiteTitle "FM"]
[BlackTitle "k+"]
[WhiteElo "2287"]
[BlackElo "2211"]

1. d4 Nf6 2. Bg5 c5 3. Bxf6 exf6 4. e3 d5 5. Nc3 Be6 6. Nge2 Nc6 7. Qd2 cxd4 8.
Nxd4 Bb4 9. a3 Qa5 10. Ndb5 O-O 11. Rd1 Bxc3 12. Qxc3 Qb6 13. Bd3 Rac8 14. O-O
Ne5 15. Qd4 Qxd4 16. Nxd4 Nc6 17. Ne2 Rfd8 18. c3 Ne5 19. f3 Kf8 20. Kf2 h5 21.
h4 Ke7 22. Nf4 g6 23. Rd2 Rc6 24. Rfd1 Rb6 25. Be2 Rdd6 26. a4 Rd7 27. Bb5 Rdd6
28. Be2 Rd7 29. a5 Rbd6 30. Bb5 Rd8 31. Ke1 a6 32. Be2 Nc6 33. Ra1 Rh8 34. g3
Ne5 35. Kf2 Rc8 36. Ra4 Rc7 37. Rd1 Rd8 38. Rad4 Rcd7 39. Ra4 Rc7 40. Rad4 Rcd7
41. b4 Rc8 42. Nxd5+ Bxd5 43. Rxd5 Rxd5 44. Rxd5 Rxc3 45. b5 Ra3 46. bxa6 bxa6
47. Bxa6 Nc6 48. Bb5 Nxa5 49. Rd7+ Kf8 50. Ra7 f5 51. f4 Ra2+ 52. Kf3 Ra3 53.
Ke2 Ra2+ 54. Kd1 Ra3 55. Ra6 Ke7 56. Ke2 Kf8 57. Kf3 Ke7 58. Ra8 Kf6 59. Ra7 Kg7
60. Be8 Nc4 61. Rxf7+ Kg8 62. Re7 Kf8 63. Re6 Nxe3 64. Bxg6 Ng4+ 65. Kg2 Ra2+
66. Kf1 Ra3 67. Bxf5 Rxg3 68. Bg6 Rf3+ 69. Kg2 Rxf4 70. Bxh5 Nf6 71. Bd1 Kg7 72.
Kg3 Re4 73. Ra6 Rd4 74. Bf3 Ne4+ 75. Kg2 Nf6 76. h5 Rf4 77. Kg3 Rf5 78. Rc6 Nxh5+
79. Kg4 Rf4+ 80. Kxh5 Rxf3 1/2-1/2

[Event "Druzynowe Mistrzostwa Polski - II Liga 2023"]
[Site "Jastrzebia Gora"]
[Date "1899-12-30"]
[Round "7.62"]
[White "Ciszewski, Krzysztof"]
[Black "Kaim, Piotr"]
[Result "1/2-1/2"]
[WhiteTitle "k"]
[BlackTitle "m"]
[WhiteElo "2055"]
[BlackElo "2161"]

1. d4 Nf6 2. c4 g6 3. Nc3 d5 4. cxd5 Nxd5 5. e4 Nxc3 6. bxc3 Bg7 7. Bc4 c5 8. Ne2
Nc6 9. Be3 O-O 10. O-O e6 11. Rc1 Qe7 12. Qd2 b6 13. Rfd1 Na5 14. Bd3 Bb7 15.
e5 Rad8 16. Ng3 f6 17. Qe2 Nc6 18. exf6 Bxf6 19. dxc5 Ne5 20. Be4 bxc5 21. Bxb7
Qxb7 22. Bxc5 Rfe8 23. Rxd8 Rxd8 24. Bd4 Qd5 25. Re1 Nd7 26. Qxe6+ Qxe6 27. Rxe6
Bxd4 28. cxd4 Nb6 29. Re4 Rc8 30. h4 Rc1+ 31. Kh2 Ra1 32. Re2 Rd1 33. Re7 Rxd4
34. Rxa7 Rxh4+ 35. Kg1 Rd4 36. f3 h5 37. Ne4 Rc4 38. Rb7 Nd5 39. Rd7 Rc1+ 40.
Kh2 Ne3 41. Kh3 Rh1+ 42. Kg3 h4+ 43. Kf2 Nf5 44. Rd2 Kg7 45. Ke2 Rh2 46. Kd3 Rh1
47. a4 h3 48. gxh3 Rxh3 49. Rf2 Nh4 50. Ke3 Rh1 51. Ra2 Rh3 52. Ng5 Nf5+ 53. Ke4
Rh4+ 54. f4 Nd6+ 55. Kd5 Nc8 56. a5 Kf6 57. Rc2 Rxf4 58. Ne4+ Kg7 59. Rc7+ Kh6
60. Rxc8 Rf5+ 61. Ke6 Rxa5 62. Rc1 g5 63. Nd6 g4 64. Nf7+ Kg6 65. Ne5+ Kg5 66.
Nxg4 Kxg4 1/2-1/2

[Event "Druzynowe Mistrzostwa Polski - II Liga 2023"]
[Site "Jastrzebia Gora"]
[Date "1899-12-30"]
[Round "7.63"]
[White "Markowski, Damian"]
[Black "Budzisz, Adrian"]
[Result "1/2-1/2"]
[WhiteTitle "FM"]
[BlackTitle "k"]
[WhiteElo "2098"]
[BlackElo "2084"]

1. e4 e6 2. d4 d5 3. Nc3 Bb4 4. exd5 exd5 5. Bd3 Nf6 6. Nge2 Bg4 7. O-O Nbd7 8.
f3 Be6 9. a3 Be7 10. Ng3 c5 11. Bf4 c4 12. Bf5 Qb6 13. Re1 g6 14. Bxe6 fxe6 15.
Qd2 Kf7 16. Nd1 h5 17. Nf2 h4 18. Nf1 Rae8 19. Kh1 Nh5 20. Nh3 Nxf4 21. Qxf4+
Kg7 22. Qg4 Nf6 23. Qf4 Nh5 24. Qd2 Bd6 25. c3 Qc7 26. Re2 Nf4 27. Nxf4 Bxf4 28.
Qe1 h3 29. g3 Bd6 30. f4 g5 31. fxg5 Rhf8 32. Rf2 Rxf2 33. Qxf2 Rf8 34. Qe2 Qf7
35. Kg1 Be7 36. Nd2 Qg6 37. Re1 Bxg5 38. Nf3 Bh6 39. Ne5 Qf5 40. a4 Bg5 41. Ng4
Qf3 42. Qxf3 Rxf3 43. Rxe6 Rd3 44. Kf2 Rd2+ 45. Re2 Rd1 46. Kf3 Rb1 47. Nf2 Kf7
48. Nxh3 Bc1 49. Re1 Ra1 50. Nf4 Bxb2 51. Rxa1 Bxa1 52. Nxd5 Ke6 53. Ke4 Bb2 54.
h4 a6 55. h5 Kf7 56. Nb6 Bxc3 57. Nxc4 Kf6 58. Nd6 b6 59. Kd3 Bb4 60. Nc8 b5 61.
axb5 axb5 62. Na7 Kg5 63. g4 Bf8 64. Nxb5 Kxg4 65. Ke4 Kxh5 66. Kf5 Kh6 67. Nc7
Bd6 68. Ne8 Bb8 69. Kf6 Kh7 70. d5 Kg8 71. Ke7 Bh2 72. Nf6+ Kg7 73. Ng4 Bb8 74.
Ne3 Kg6 75. Ke6 Kg7 76. Nf5+ Kf8 77. Nd6 Bc7 78. Kd7 Bb8 79. Ne4 Bf4 80. Nc5 1/2-1/2

[Event "Druzynowe Mistrzostwa Polski - II Liga 2023"]
[Site "Jastrzebia Gora"]
[Date "1899-12-30"]
[Round "7.64"]
[White "Szczesniak, Konrad"]
[Black "Warszawski, Bartosz"]
[Result "0-1"]
[WhiteTitle "k"]
[BlackTitle "m"]
[WhiteElo "2011"]
[BlackElo "2159"]

1. d4 Nf6 2. Bf4 e6 3. e3 c5 4. Nd2 Nc6 5. Ngf3 d5 6. c3 Bd6 7. Bg3 O-O 8. Bd3
b6 9. Ne5 Qc7 10. f4 Bb7 11. Bh4 Be7 12. Bxf6 Bxf6 13. Ndf3 a5 14. h4 Bxe5 15.
Bxh7+ Kxh7 16. Ng5+ Kh6 17. dxe5 Qe7 18. Qc2 f5 19. exf6 gxf6 20. O-O-O Rh8 21.
h5 Rhg8 22. Nf3 d4 23. Nh4 f5 24. Ng6 Qf7 25. Qb3 a4 26. Qxb6 a3 27. b3 Rgc8 28.
Qxc5 Ra5 29. Qb6 Ra6 30. Qc5 Ra5 31. Qb6 Ra6 32. Qc5 dxc3 33. Rd6 Qf6 34. e4 Nd8
35. Qe3 Rxd6 36. e5 Qg7 37. exd6 c2 38. Ne5 Nc6 39. d7 Rd8 40. Kxc2 Qxg2+ 41.
Kc3 Qxh1 42. Nf7+ Kg7 43. Qxe6 Qc1+ 44. Kd3 Ba6+ 0-1

[Event "Druzynowe Mistrzostwa Polski - II Liga 2023"]
[Site "Jastrzebia Gora"]
[Date "1899-12-30"]
[Round "7.65"]
[White "Rams, Michal"]
[Black "Kocierz, Pawel"]
[Result "1-0"]
[WhiteTitle "k+"]
[BlackTitle "I"]
[WhiteElo "2093"]
[BlackElo "1763"]

1. e4 c5 2. Nf3 d6 3. Bb5+ Bd7 4. Bxd7+ Nxd7 5. O-O Ngf6 6. Re1 g6 7. c3 Bg7 8.
d4 O-O 9. e5 dxe5 10. dxe5 Ng4 11. e6 Nde5 12. Nxe5 Qxd1 13. Rxd1 Bxe5 14. h3
Rfd8 15. Re1 Nf6 16. exf7+ Kxf7 17. Na3 Bc7 18. Be3 b6 19. Nb5 Bb8 20. Rad1 Rxd1
21. Rxd1 a6 22. Na3 Bc7 23. c4 Ke8 24. Kf1 Rd8 25. Rxd8+ Kxd8 26. Ke2 Kd7 27.
Kd3 Ke6 28. Nb1 Nd7 29. b3 Ne5+ 30. Ke4 Nf7 31. Nc3 Nd6+ 32. Kd3 Nf5 33. Nd5 Nxe3
34. Nxc7+ Kd7 35. Kxe3 Kxc7 36. Kf4 Kd6 37. Kg5 Ke5 38. h4 b5 39. Kh6 bxc4 40.
bxc4 Kd4 41. Kxh7 Kxc4 42. Kxg6 Kd5 43. h5 c4 44. h6 c3 45. h7 c2 46. h8=Q c1=Q
47. Qd8+ Ke6 48. Qb6+ Kd7 49. Qa7+ Kd8 50. Qd4+ Ke8 51. Qa4+ Kd8 52. g4 Qb1+ 53.
Kg5 Qb6 54. Qf4 Qa5+ 55. Kh6 Qxa2 56. g5 a5 57. g6 a4 58. g7 Qe6+ 59. Kg5 Qd5+
60. Qf5 Qg2+ 61. Kh6 Qh1+ 62. Kg6 Qc6+ 63. Kh7 Qh1+ 64. Kg8 a3 65. Kf7 1-0

[Event "Druzynowe Mistrzostwa Polski - II Liga 2023"]
[Site "Jastrzebia Gora"]
[Date "1899-12-30"]
[Round "7.66"]
[White "Pietrzak, Emilia"]
[Black "Bednarska-bzdega, Malgorzata"]
[Result "0-1"]
[WhiteTitle "I++"]
[BlackTitle "WFM"]
[WhiteElo "1671"]
[BlackElo "1907"]

1. e4 Nf6 2. e5 Nd5 3. d4 d6 4. c4 Nb6 5. exd6 cxd6 6. Bd3 g6 7. h3 Bg7 8. Nf3
O-O 9. O-O Nc6 10. Be3 e5 11. dxe5 dxe5 12. Nc3 Nd4 13. Bd2 Nxf3+ 14. Qxf3 Nxc4
15. Bxc4 Qxd2 16. b3 Qf4 17. Qxf4 exf4 18. Rac1 f3 19. g4 h5 20. Nd5 Kh7 21. gxh5
Bxh3 22. hxg6+ fxg6 23. Rfd1 Rf5 24. Ne3 Rg5+ 25. Kh2 Bg2 26. Rd5 Be5+ 27. Kg1
Bh3+ 28. Kh1 Kg7 29. Rxe5 Rxe5 30. Bd5 Bg2+ 31. Nxg2 Rxd5 32. Nf4 Rh8+ 0-1

[Event "Druzynowe Mistrzostwa Polski - II Liga 2023"]
[Site "Jastrzebia Gora"]
[Date "1899-12-30"]
[Round "7.67"]
[White "Chomczyk, Marek"]
[Black "Suder, Jakub"]
[Result "1/2-1/2"]
[WhiteTitle "k++"]
[BlackTitle "FM"]
[WhiteElo "2290"]
[BlackElo "2304"]

1. c4 e6 2. g3 d5 3. Bg2 Nf6 4. Nf3 Be7 5. O-O O-O 6. d4 dxc4 7. Qc2 b5 8. a4 b4
9. Ne5 Nd5 10. Nd2 c3 11. bxc3 bxc3 12. Nb1 f6 13. Nf3 Nc6 14. Nxc3 Ncb4 15. Qd2
Nxc3 16. Qxc3 Nd5 17. Qc2 Rb8 18. Ba3 Bxa3 19. Rxa3 Qd6 20. Raa1 Nb4 21. Qc3 Ba6
22. Rfe1 Nd5 23. Qd2 Rb4 24. Rec1 Rfb8 25. e4 Nb6 26. e5 fxe5 27. dxe5 Qxd2 28.
Nxd2 Nc4 29. Nxc4 Rxc4 30. Bf1 Rxc1 31. Rxc1 Bxf1 32. Kxf1 Rb4 33. Rxc7 Rxa4 34.
Kg2 Kf8 35. h4 h5 36. Kf3 Ra2 37. Ke3 Ra4 38. f3 Ra5 39. Kf4 Ra3 40. Rb7 a6 41.
Ra7 Ra5 42. g4 hxg4 43. fxg4 Ra4+ 44. Kg5 Re4 45. h5 Ra4 46. Rb7 Re4 47. Rc7 a5
48. Ra7 a4 49. Ra5 Kf7 50. Kh4 Rb4 51. Ra7+ 1/2-1/2

[Event "Druzynowe Mistrzostwa Polski - II Liga 2023"]
[Site "Jastrzebia Gora"]
[Date "1899-12-30"]
[Round "7.68"]
[White "Dziewonski, Dariusz"]
[Black "Budnik, Mateusz"]
[Result "0-1"]
[WhiteTitle "k"]
[BlackTitle "k"]
[WhiteElo "2204"]
[BlackElo "1969"]

1. e4 c6 2. d4 d5 3. Nd2 dxe4 4. Nxe4 Nf6 5. Nxf6+ exf6 6. c3 Bd6 7. Bd3 O-O 8.
Qc2 h6 9. Ne2 Re8 10. Be3 Nd7 11. O-O-O a5 12. g4 Nf8 13. Rdg1 Be6 14. h4 Bd5
15. Rh3 Qd7 16. Kb1 b5 17. Bf5 Be6 18. Ng3 Ng6 19. Nh5 Kh8 20. Rhh1 Ne7 21. Bd3
Bd5 22. g5 f5 23. gxh6 g6 24. Nf6 Qe6 25. Nxe8 Rxe8 26. h5 Bxh1 27. Rxh1 Nd5 28.
hxg6 fxg6 29. Bd2 Kh7 30. a4 b4 31. Re1 Qd7 32. Rxe8 Qxe8 33. c4 Nf6 34. f3 Qe6
35. Qc1 Bf8 36. Qg1 Qd7 37. Qe3 c5 38. d5 Qxa4 39. Bc2 Qe8 40. Ka2 Qxe3 41. Bxe3
Nd7 42. Bf4 Nb6 43. Bd3 a4 44. Be2 Nc8 45. Bd1 Bd6 46. Bg5 Nb6 47. Be2 Nd7 48.
Bd1 Ne5 49. Be2 Nf7 50. Bd2 f4 51. Bd1 Ng5 52. Be1 Kxh6 53. Bh4 Nf7 54. Bxa4 Ne5
55. Bd1 Nxc4 56. Bc2 Ne5 57. Be4 g5 58. Be1 Kh5 59. Kb3 g4 60. fxg4+ Kxg4 61.
Ka4 f3 62. Bf2 Kf4 63. Bh7 Ng4 64. Bh4 Ke5 65. Kb5 Kxd5 66. Bg8+ Kd4 67. Bc4 Ke4
68. Kc6 Bf8 69. Ba6 Ne5+ 70. Kb6 c4 71. Bg3 Nd3 72. Bxc4 Nxb2 73. Bb3 Ke3 74.
Kb5 f2 75. Bxf2+ Kxf2 76. Bg8 Ke3 77. Bf7 Kd4 78. Bg8 Kc3 79. Bf7 Nd3 80. Bg8
b3 81. Bxb3 Kxb3 82. Kc6 Kc4 83. Kb6 Kd5 84. Kb7 Bc5 85. Kc7 Ne5 86. Kb7 Kd6 87.
Ka8 Kc6 88. Kb8 Bd6+ 89. Ka8 Nd7 90. Ka7 Nb6 91. Ka6 Bb8 92. Ka5 Nd5 93. Ka4 Kc5
94. Kb3 Nb4 95. Kc3 Bf4 96. Kb3 Be5 97. Ka4 Kc4 98. Ka3 Nd3 99. Ka4 Bc7 100. Ka3
Bd8 101. Ka4 Nb2+ 102. Ka3 Kc3 103. Ka2 Nc4 104. Kb1 Bg5 105. Ka2 Bf4 106. Kb1
Kb3 107. Ka1 Bg5 108. Kb1 Na3+ 109. Ka1 Bf6# 0-1